Statistics for Four Letter Countries

Click here to take the quiz!

General Stats

  • This quiz has been taken 352 times
  • The average score is 8 of 10

Answer Stats

Country% Correct
Iran
79%
Iraq
79%
Peru
78%
Mali
77%
Fiji
75%
Oman
75%
Togo
74%
Chad
73%
Laos
73%
Cuba
69%

Score Distribution

Percentile by Number Answered

Percent of People with Each Score

Your Score History

You have not taken this quiz